| 000 | 01024cam a2200313 a 4500 | ||
|---|---|---|---|
| 001 | 1100344 | ||
| 003 | NUST | ||
| 005 | 20220617134552.0 | ||
| 008 | 921103s1992 nyu 000 1 eng | ||
| 010 | _a 92234925 | ||
| 020 |
_a0385263430 : _c$22.50 ($27.50 Can.) |
||
| 038 | _aArshad | ||
| 040 |
_aDLC _cDLC _dOCoLC _dDLC |
||
| 050 | 0 | 0 |
_aPS3551.S5 _bU45 1992 |
| 082 | 0 | 0 |
_a813.54 _bASI |
| 100 | 1 |
_aAsimov, Isaac, _d1920-1992. |
|
| 245 | 1 | 4 |
_aThe ugly little boy / _cIsaac Asimov and Robert Silverberg. |
| 250 | _a1st ed. | ||
| 260 |
_aNew York : _bDoubleday, _c1992. |
||
| 300 |
_a290 p. ; _c25 cm. |
||
| 500 | _a"Based in part on the short story The ugly little boy"--T.p. verso. | ||
| 650 | _aScience fiction, American | ||
| 650 |
_aNeanderthals _992055 |
||
| 655 | 7 |
_aScience fiction. _2gsafd |
|
| 700 | 1 |
_aSilverberg, Robert. _98183 |
|
| 906 |
_a7 _bcbc _corignew _d2 _encip _f19 _gy-gencatlg |
||
| 942 |
_2ddc _cBK |
||
| 999 |
_c590149 _d590149 |
||